000 00403nam a2200169Ia 4500
008 151213s9999 xx 000 0 und d
020 _a521449944
100 _aPenny ur.
245 _aA Course in Language Teaching
_cPenny ur.
250 _a1 s
260 _aU.K.
_bCambridge University
_c1996
300 _a4167 p.
650 _aEnglish
650 _aEnglish
700 _aPenny ur.
999 _c2592
_d2592